000
00246nam a2200109Ia 4500
005
20251222152702.0
008
251222s9999||||xx |||||||||||||| ||spa||
082
_a
467.09/Z37
100
_a
Zapata, Remigio
245
0
_a
Morfosintaxis
942
_c
LIB
999
_c
28883
_d
28883